Linie lotnicze Europy - Statystyki

Ogólne statystyki
  • Ten quiz został rozwiązany 113 razy
    48 od ostatniego zresetowania
  • Średni wynik to 16 z 37
Statystyki odpowiedzi
Państwo Linia Lotnicza % Poprawnych
Polska LOT
100%
Węgry Wizzair
89%
Niemcy Lufthansa
84%
Francja Air France
78%
Irlandia Ryanair
78%
Wielka Brytania British Airways
70%
Polska Enter Air
68%
Holandia KLM
65%
Finlandia Finnair
62%
Hiszpania Iberia
62%
Portugalia TAP Air Portugal
59%
Rosja Aeroflot
57%
Łotwa Air Baltic
57%
Norwegia Norwegian Air Shuttle
57%
Szwecja Scandinavian Airlines System
51%
Szwajcaria Swiss International Air Lines
51%
Wielka Brytania Easyjet
49%
Włochy Ita Airways
43%
Islandia Icelandair
41%
Serbia Air Serbia
38%
Austria Austrian Airlines
38%
Luksemburg Luxair
35%
Czechy Smartwings
35%
Grecja Aegean
27%
Irlandia Aer Lingus
27%
Belgia Air Belgium
24%
Albania Air Albania
22%
Belgia Brussels Airlines
22%
Bułgaria Bulgaria Air
22%
Rumunia TAROM
22%
Rosja Rossiya
19%
Chorwacja Croatia Airlines
16%
Czarnogóra Air Montenegro
8%
Rosja Pobeda
8%
Norwegia Widerøe
5%
Dania (Wyspy Owcze) Atlantic Airways
3%
Wielka Brytania (Guernsey) Aurigny
3%
Nie znaleziono quizów pasujących do podanych kryteriów
Rozkład punktacji
Procent ludzi z każdym wynikiem
Percentyl według liczby udzielonych odpowiedzi
Twoja historia wyników
Nie rozwiązałeś tego quizu od ostatniego zresetowania